Top 10 Countries with the most Islands - Statistics

General Stats
  • This quiz has been taken 55 times
  • The average score is 8 of 10
Answer Stats
Islands Answer % Correct
17504 Indonesia
98%
52455 Canada
94%
18617 United States
91%
239057 Norway
87%
267570 Sweden
87%
178947 Finland
85%
6961 China
81%
7641 Philippines
74%
8222 Australia
68%
43471 Chile
55%
No matching quizzes found
Score Distribution
Percent of People with Each Score
Percentile by Number Answered
Your Score History
You have not taken this quiz